Designing organizations

Tallennettuna:
Bibliografiset tiedot
Päätekijä: Robey, Daniel
Aineistotyyppi: Kirja
Kieli:Undetermined
Julkaistu: Boston, Massachusetts McGraw-Hill 1994
Aiheet:
Tagit: Lisää tagi
Ei tageja, Lisää ensimmäinen tagi!
Thư viện lưu trữ: Trung tâm Học liệu Trường Đại học Cần Thơ
LEADER 00538nam a2200181Ia 4500
001 CTU_42848
008 210402s9999 xx 000 0 und d
082 |a 658.402 
082 |b R653 
100 |a Robey, Daniel 
245 0 |a Designing organizations 
245 0 |c Daniel Robey, Carol A. Sales 
260 |a Boston, Massachusetts 
260 |b McGraw-Hill 
260 |c 1994 
650 |a Decision-making,Management,Organizational change,Ra quyết định 
904 |i Minh 
980 |a Trung tâm Học liệu Trường Đại học Cần Thơ